000 00223nam a22001097a 4500
082 _a158
_bSUK/W
100 _aSUKHABODHANANDA
245 _aWORDLESS WISDOM
300 _a220
650 _aPERSONALITY DEVELOPMENT
942 _cBK
999 _c5432
_d5432